O ciclo do pão (Registo nº 199743)
[ vista simples ]
| 000 -Etiqueta do registo | |
|---|---|
| Valores | 00561nam 22001693 4500 |
| 100 ## - Dados gerais de processamento | |
| Dados gerais | 20260107d u||y0pory50 ba |
| 200 ## - Titulo e menção de responsabilidade | |
| Título próprio | O ciclo do pão |
| Informação de outro título | Concelho de Sernancelhe |
| Primeira menção de responsabilidade | Alberto Correia |
| 210 ## - Publicação | |
| Local de publicação | [S.l.] |
| Nome do editor | [s.n.] |
| Data de publicação | imp. 1983 |
| 215 ## - Descrição física | |
| Paginação / Volumes | 33, [3] p. |
| Outras indicações físicas | il. ; brochado |
| Dimensões | 23 cm |
| 606 ## - Nome comum usado como assunto | |
| ID Autoridade | 2051 |
| Palavra de ordem | Antropologia Cultural. Etnologia. Etnografia. Usos e Costumes. Tradições. Modo de vida. Folclore |
| 675 ## - CDU | |
| Notação | 39 |
| Edição | PT |
| Língua | por |
| 700 ## - Autor principal (pessoa individual) | |
| ID Autoridade | 12758 |
| Apelido | Correia |
| Nome | Alberto |
| Datas | 1942- |
| 801 ## - Fonte de origem | |
| País | PT |
| Agência | BMMN |
| Regras de catalogação | RPC |
| 830 ## - Notas gerais do catalogador | |
| Criado por | Vanda |
| 990 ## - Elementos KOHA | |
| Tipo de documento | Livro |
| Situação do levantamento | Biblioteca de origem | Código de barras | Cota | Permissão de empréstimo | Tipo de documento | Forma de aquisição |
|---|---|---|---|---|---|---|
| Biblioteca Municipal de Montemor-o-Novo | 28734 | 39 COR|DEP | Livro | Compra |